[Event "8. Copenhagen Open Politiken Cup"]
[Site "Copenhagen"]
[Date "1986.??.??"]
[Round "6"]
[White "Sinkovics, Peter"]
[Black "Jacoby, Gisbert"]
[Result "1-0"]
[WhiteElo "2415"]
[BlackElo "2290"]
[PlyCount "139"]
[EventDate "1986.??.??"]
[EventType "swiss"]
[EventRounds "10"]
[EventCountry "DEN"]
[SourceDate "2004.01.01"]

1. d4 d5 2. Bg5 h6 3. Bh4 c5 4. e3 cxd4 5. exd4 Nc6 6. c3 Bf5 7. Nf3 Qb6 8. Qb3
Qxb3 9. axb3 a6 10. Nbd2 f6 11. b4 Ra7 12. Bg3 g5 13. Bc7 Kd7 14. Bb6 Ra8 15.
b5 Nb8 16. Nb3 e6 17. Nc5+ Bxc5 18. dxc5 Ne7 19. c6+ bxc6 20. bxa6 Nc8 21. Be3
Kc7 22. h4 g4 23. Nd4 Nd6 24. Be2 h5 25. a7 Nd7 26. Ra6 Ne5 27. O-O Rhc8 28.
Rfa1 Kd7 29. Nb3 Ndc4 30. Nc5+ Kc7 31. Bc1 Nd7 32. Nxd7 Kxd7 33. b3 Nd6 34. Be3
Bc2 35. Rb6 Rc7 36. Rb8 Rc8 37. Rxa8 Rxa8 38. Ra2 Bf5 39. Ra6 Nc8 40. c4 Kc7
41. cxd5 cxd5 42. Ra5 e5 43. Rxd5 Nxa7 44. Ra5 Kb7 45. Bc4 Nc6 46. Rxa8 Kxa8
47. Bf7 Bc2 48. Bc5 Nd4 49. Bxd4 exd4 50. Kf1 Ka7 51. Ke2 Be4 52. Bxh5 Bxg2 53.
Bxg4 Be4 54. Be6 Bg6 55. f4 Kb6 56. f5 Bh5+ 57. Kd3 Kc5 58. Bg8 Be8 59. Bh7
Bb5+ 60. Kd2 Kd6 61. h5 Ke7 62. Bg8 Kf8 63. Bc4 Bd7 64. Be6 Bb5 65. h6 Bf1 66.
Ke1 Ba6 67. Kf2 Bb5 68. Kf3 Bc6+ 69. Kf4 Bb7 70. Bc4 1-0

[Event "8. Copenhagen Open Politiken Cup"]
[Site "Copenhagen"]
[Date "1986.??.??"]
[Round "6"]
[White "Stigar, Petter"]
[Black "Vadasz, Laszlo"]
[Result "1-0"]
[WhiteElo "2300"]
[BlackElo "2370"]
[PlyCount "53"]
[EventDate "1986.??.??"]
[EventType "swiss"]
[EventRounds "10"]
[EventCountry "DEN"]
[SourceDate "2004.01.01"]

1. d4 Nf6 2. c4 e6 3. Nc3 Bb4 4. e3 O-O 5. Bd3 c5 6. Nge2 d5 7. O-O cxd4 8.
exd4 dxc4 9. Bxc4 Nbd7 10. Bg5 Nb6 11. Bb3 Bd7 12. d5 exd5 13. Bxd5 Bg4 14.
Bxb7 Qxd1 15. Rfxd1 Bxc3 16. Nxc3 Rab8 17. Rd4 Rxb7 18. Bxf6 Be6 19. Bh4 Rc8
20. Rad1 h6 21. h3 Nc4 22. Rd8+ Rxd8 23. Rxd8+ Kh7 24. b3 Na3 25. Bg3 Rb6 26.
Rd6 Rxd6 27. Bxd6 1-0

[Event "8. Copenhagen Open Politiken Cup"]
[Site "Copenhagen"]
[Date "1986.??.??"]
[Round "6"]
[White "Sorensen, Henrik"]
[Black "Kojder, Konrad"]
[Result "0-1"]
[WhiteElo "2250"]
[BlackElo "2340"]
[PlyCount "98"]
[EventDate "1986.??.??"]
[EventType "swiss"]
[EventRounds "10"]
[EventCountry "DEN"]
[SourceDate "2004.01.01"]

1. d4 Nf6 2. Nf3 e6 3. Bg5 c5 4. e3 Qb6 5. Nbd2 cxd4 6. Nxd4 a6 7. Be2 Be7 8.
Nc4 Qc7 9. a4 d6 10. a5 Nbd7 11. O-O O-O 12. Bh4 Re8 13. Nd2 Ne5 14. e4 Bd7 15.
f3 Ng6 16. Bf2 Nf4 17. Bc4 d5 18. exd5 exd5 19. Bb3 Bb4 20. c3 Bxa5 21. Bc2 Bb6
22. N2b3 Qe5 23. Kh1 Bc7 24. Qd2 Rad8 25. Rae1 Qd6 26. g3 Ng6 27. Nf5 Bxf5 28.
Bxf5 Bb6 29. Nd4 Ne5 30. Kg2 Nc4 31. Qc1 g6 32. Bb1 Rxe1 33. Rxe1 Re8 34. Rxe8+
Nxe8 35. b3 Na5 36. Bc2 Ng7 37. Qh6 Nc6 38. Qd2 Bxd4 39. Bxd4 Nxd4 40. Qxd4 Ne6
41. Qf6 d4 42. cxd4 Qxd4 43. Qxd4 Nxd4 44. Be4 Nxb3 45. Bxb7 a5 46. Bc6 Nc5 47.
Kf2 a4 48. Ke3 a3 49. Bd5 Na6 0-1

[Event "8. Copenhagen Open Politiken Cup"]
[Site "Copenhagen"]
[Date "1986.??.??"]
[Round "6"]
[White "Wiedenkeller, Michael"]
[Black "Horvath, Tamas"]
[Result "1/2-1/2"]
[WhiteElo "2455"]
[BlackElo "2395"]
[PlyCount "84"]
[EventDate "1986.??.??"]
[EventType "swiss"]
[EventRounds "10"]
[EventCountry "DEN"]
[SourceDate "2004.01.01"]

1. c4 c5 2. Nc3 g6 3. g3 Bg7 4. Bg2 Nc6 5. a3 e6 6. Rb1 a5 7. e4 Nge7 8. Nge2
d6 9. O-O Rb8 10. d3 O-O 11. Nb5 b6 12. Be3 e5 13. Qd2 Be6 14. Nec3 Qd7 15. Nd5
Bxd5 16. exd5 Na7 17. Nc3 b5 18. b4 axb4 19. axb4 cxb4 20. Rxb4 bxc4 21. Rxb8
Rxb8 22. dxc4 Nac8 23. c5 dxc5 24. Bxc5 Nf5 25. Ne4 Nd4 26. Bxd4 exd4 27. Qf4
Rb6 28. Rc1 Nd6 29. Nf6+ Bxf6 30. Qxf6 d3 31. Rd1 d2 32. Qd4 Qb7 33. Rxd2 Rb1+
34. Bf1 Qa6 35. Qd3 Qxd3 36. Rxd3 Kg7 37. Kg2 Kf6 38. Be2 Ke5 39. Bf3 h5 40.
Re3+ Kf6 41. Rd3 Ke5 42. Rd2 Rc1 1/2-1/2

[Event "8. Copenhagen Open Politiken Cup"]
[Site "Copenhagen"]
[Date "1986.??.??"]
[Round "7"]
[White "Clausen, Steen"]
[Black "Jacoby, Gisbert"]
[Result "1/2-1/2"]
[WhiteElo "2295"]
[BlackElo "2290"]
[PlyCount "52"]
[EventDate "1986.??.??"]
[EventType "swiss"]
[EventRounds "10"]
[EventCountry "DEN"]
[SourceDate "2004.01.01"]

1. d4 d5 2. Nf3 Nf6 3. c4 dxc4 4. Nc3 c6 5. e4 b5 6. e5 Nd5 7. a4 e6 8. axb5
Nxc3 9. bxc3 cxb5 10. Ng5 Bb7 11. Qh5 g6 12. Qg4 Be7 13. h4 h6 14. Nf3 Bd5 15.
Be2 b4 16. h5 g5 17. cxb4 Bxb4+ 18. Nd2 Nc6 19. O-O Qb6 20. Nxc4 Qxd4 21. Qxd4
Nxd4 22. Bd3 Ke7 23. Ne3 a5 24. Nxd5+ exd5 25. Rb1 Rac8 26. Rd1 Nc6 1/2-1/2

[Event "8. Copenhagen Open Politiken Cup"]
[Site "Copenhagen"]
[Date "1986.??.??"]
[Round "7"]
[White "Cserna, Laszlo"]
[Black "Pigusov, Evgeny"]
[Result "1/2-1/2"]
[WhiteElo "2390"]
[BlackElo "2495"]
[PlyCount "45"]
[EventDate "1986.??.??"]
[EventType "swiss"]
[EventRounds "10"]
[EventCountry "DEN"]
[SourceDate "2004.01.01"]

1. d4 Nf6 2. c4 e6 3. Nf3 d5 4. Nc3 Be7 5. Bg5 h6 6. Bxf6 Bxf6 7. e3 O-O 8. Qb3
c6 9. Rd1 Nd7 10. Bd3 b6 11. O-O Bb7 12. Rfe1 a6 13. Bb1 g6 14. cxd5 cxd5 15.
e4 dxe4 16. Bxe4 Bxe4 17. Nxe4 Bg7 18. Ne5 Nf6 19. Nxf6+ Bxf6 20. d5 Bxe5 21.
Rxe5 Qf6 22. Re3 exd5 23. Rf3 1/2-1/2

[Event "8. Copenhagen Open Politiken Cup"]
[Site "Copenhagen"]
[Date "1986.??.??"]
[Round "7"]
[White "De Boer, Gert Jan"]
[Black "Hoi, Carsten"]
[Result "1-0"]
[WhiteElo "2430"]
[BlackElo "2405"]
[PlyCount "78"]
[EventDate "1986.??.??"]
[EventType "swiss"]
[EventRounds "10"]
[EventCountry "DEN"]
[SourceDate "2004.01.01"]

1. d4 Nf6 2. Nf3 d5 3. c4 dxc4 4. Nc3 c6 5. Ne5 Nbd7 6. Nxc4 g6 7. e4 Bg7 8.
Be2 O-O 9. O-O Qc7 10. Be3 Rd8 11. Rc1 Nb6 12. b3 Bd7 13. f3 Be8 14. Qc2 Nh5
15. Rfd1 Nf4 16. Bf1 Nxc4 17. bxc4 e5 18. d5 c5 19. Rb1 b6 20. a4 Nh5 21. a5
Rab8 22. axb6 axb6 23. Rb3 f5 24. exf5 e4 25. Qxe4 Be5 26. g3 Qg7 27. Nb5 Bxb5
28. Rxb5 Re8 29. d6 Nf6 30. Qd3 Red8 31. fxg6 Bxd6 32. Qf5 Qe7 33. Bg5 Rf8 34.
Rd3 Kg7 35. Re3 Qc7 36. Rd3 Rbd8 37. gxh7 Nxh7 38. Bxd8 Rxd8 39. Qe6 Ng5 1-0

[Event "8. Copenhagen Open Politiken Cup"]
[Site "Copenhagen"]
[Date "1986.??.??"]
[Round "7"]
[White "Fette, Martin"]
[Black "Sehner, Norbert"]
[Result "1-0"]
[WhiteElo "2320"]
[BlackElo "2375"]
[PlyCount "23"]
[EventDate "1986.??.??"]
[EventType "swiss"]
[EventRounds "10"]
[EventCountry "DEN"]
[SourceDate "2004.01.01"]

1. e4 c5 2. Nf3 Nf6 3. Nc3 d6 4. Bb5+ Bd7 5. Bxd7+ Nfxd7 6. O-O a6 7. d4 cxd4
8. Nxd4 g6 9. Bg5 h6 10. Bh4 Nc6 11. Nd5 g5 12. Ne6 1-0

[Event "8. Copenhagen Open Politiken Cup"]
[Site "Copenhagen"]
[Date "1986.??.??"]
[Round "7"]
[White "Heyken, Enno"]
[Black "Wiedenkeller, Michael"]
[Result "0-1"]
[WhiteElo "2350"]
[BlackElo "2455"]
[PlyCount "90"]
[EventDate "1986.??.??"]
[EventType "swiss"]
[EventRounds "10"]
[EventCountry "DEN"]
[SourceDate "2004.01.01"]

1. d4 f5 2. Nc3 d5 3. Bf4 Nf6 4. e3 e6 5. Bd3 Be7 6. Nce2 O-O 7. Nh3 c5 8. c3
Nc6 9. f3 Nd7 10. Qd2 Kh8 11. Rd1 e5 12. dxe5 Ndxe5 13. Bxe5 Nxe5 14. O-O Be6
15. Nhf4 Bg8 16. b3 Qb6 17. Bb1 Rad8 18. Kh1 g6 19. Qb2 Bf6 20. Rd2 Rd6 21.
Rfd1 Rfd8 22. Nd3 Qc7 23. Qa3 b6 24. h3 Nc6 25. Ndf4 Qf7 26. c4 d4 27. exd4
cxd4 28. c5 R6d7 29. cxb6 axb6 30. Bd3 Ra7 31. Qb2 Nb4 32. Bc4 Qg7 33. Bxg8 d3
34. Qb1 dxe2 35. Rxd8 exd1=Q+ 36. Qxd1 Bxd8 37. Qxd8 Rd7 38. Qxb6 Rd1+ 39. Kh2
Qe5 40. Qxb4 Kxg8 41. Qc4+ Kg7 42. h4 h6 43. Qb4 g5 44. hxg5 hxg5 45. Qf8+ Kxf8
0-1

[Event "8. Copenhagen Open Politiken Cup"]
[Site "Copenhagen"]
[Date "1986.??.??"]
[Round "7"]
[White "Kaspersen, Morten"]
[Black "Ochsner, Thomas"]
[Result "1-0"]
[WhiteElo "2215"]
[BlackElo "2275"]
[PlyCount "45"]
[EventDate "1986.??.??"]
[EventType "swiss"]
[EventRounds "10"]
[EventCountry "DEN"]
[SourceDate "2004.01.01"]

1. d4 Nf6 2. c4 e6 3. Nf3 b6 4. g3 Bb7 5. Bg2 Be7 6. O-O O-O 7. d5 exd5 8. Nh4
c6 9. cxd5 Nxd5 10. Nf5 Na6 11. e4 Ndc7 12. Nc3 Nc5 13. Bf4 Bg5 14. Qg4 N7e6
15. Bd6 Bd2 16. Rfd1 Bxc3 17. bxc3 h5 18. Qxh5 Re8 19. Qg4 Qf6 20. e5 Qg5 21.
Qxg5 Nxg5 22. Bxc5 bxc5 23. f4 1-0

[Event "8. Copenhagen Open Politiken Cup"]
[Site "Copenhagen"]
[Date "1986.??.??"]
[Round "7"]
[White "Lind, Jan Olov"]
[Black "Bjerring, Kai"]
[Result "1-0"]
[WhiteElo "2260"]
[BlackElo "2315"]
[PlyCount "61"]
[EventDate "1986.??.??"]
[EventType "swiss"]
[EventRounds "10"]
[EventCountry "DEN"]
[SourceDate "2004.01.01"]

1. e4 e6 2. d3 d5 3. Nd2 Nf6 4. Ngf3 c5 5. g3 Nc6 6. Bg2 g6 7. O-O Bg7 8. Re1
O-O 9. c3 b5 10. h4 Qb6 11. Nf1 d4 12. cxd4 cxd4 13. Bf4 Ng4 14. e5 h5 15. Qd2
Bb7 16. N1h2 Nxh2 17. Nxh2 Ne7 18. Bxb7 Qxb7 19. Bh6 Nf5 20. Bxg7 Kxg7 21. Re4
Rac8 22. Nf3 Rfd8 23. Rc1 Rxc1+ 24. Qxc1 Rc8 25. Qf4 Rc2 26. Nxd4 Rxb2 27.
Nxf5+ exf5 28. Re1 Qd5 29. e6 fxe6 30. Qc7+ Kf8 31. Rc1 1-0

[Event "8. Copenhagen Open Politiken Cup"]
[Site "Copenhagen"]
[Date "1986.??.??"]
[Round "7"]
[White "Mathe, Gaspar"]
[Black "Sorensen, Henrik"]
[Result "1/2-1/2"]
[WhiteElo "2310"]
[BlackElo "2250"]
[PlyCount "66"]
[EventDate "1986.??.??"]
[EventType "swiss"]
[EventRounds "10"]
[EventCountry "DEN"]
[SourceDate "2004.01.01"]

1. e4 c6 2. d4 d5 3. f3 dxe4 4. fxe4 e5 5. Nf3 Be6 6. c3 Nf6 7. Bd3 Nbd7 8. O-O
Be7 9. Qe2 O-O 10. Nbd2 b5 11. a4 a6 12. Re1 Qc7 13. Nf1 Rfe8 14. Ne3 Bf8 15.
axb5 axb5 16. Rxa8 Rxa8 17. d5 cxd5 18. exd5 Nxd5 19. Ng5 N7f6 20. Nxe6 fxe6
21. Bxb5 Qb6 22. Kh1 Bc5 23. Nc2 e4 24. c4 Nc7 25. b4 Bf2 26. Rf1 e3 27. Nxe3
Bh4 28. Ng4 Nxb5 29. cxb5 Nxg4 30. Qxg4 Qxb5 31. Qxe6+ Kh8 32. Qf7 Qxb4 33. Bb2
Rg8 1/2-1/2

[Event "8. Copenhagen Open Politiken Cup"]
[Site "Copenhagen"]
[Date "1986.??.??"]
[Round "7"]
[White "Murey, Jacob"]
[Black "Jakobsen, Ole"]
[Result "0-1"]
[WhiteElo "2460"]
[BlackElo "2385"]
[PlyCount "70"]
[EventDate "1986.??.??"]
[EventType "swiss"]
[EventRounds "10"]
[EventCountry "DEN"]
[SourceDate "2004.01.01"]

1. e4 c5 2. Nc3 d6 3. Nge2 e6 4. d4 cxd4 5. Nxd4 a6 6. Bd3 b5 7. O-O Bb7 8. a4
b4 9. Na2 d5 10. Qe1 Nf6 11. e5 Nfd7 12. Nxb4 Qb6 13. Nxd5 Bxd5 14. c3 Nc6 15.
Nxc6 Qxc6 16. f3 Nc5 17. Bc2 Bb3 18. Qf2 Rb8 19. Be3 Bxc2 20. Qxc2 Nb3 21. Rae1
Qxa4 22. Qf2 Qc6 23. Qg3 g6 24. h4 h5 25. f4 Bc5 26. f5 gxf5 27. Qg7 Rf8 28.
Qh6 Rg8 29. Rf2 Qe4 30. Ree2 Qg4 31. Bxc5 Nxc5 32. Qe3 Ne4 33. Rf4 Qg3 34. Qa7
Rd8 35. Rf1 Rg4 0-1

[Event "8. Copenhagen Open Politiken Cup"]
[Site "Copenhagen"]
[Date "1986.??.??"]
[Round "7"]
[White "Ostenstad, Berge"]
[Black "Berg, Klaus"]
[Result "1-0"]
[WhiteElo "2370"]
[BlackElo "2375"]
[PlyCount "71"]
[EventDate "1986.??.??"]
[EventType "swiss"]
[EventRounds "10"]
[EventCountry "DEN"]
[SourceDate "2004.01.01"]

1. d4 Nf6 2. c4 c5 3. d5 b5 4. Nf3 Ba6 5. cxb5 Bxb5 6. Nc3 Ba6 7. e4 Bxf1 8.
Kxf1 d6 9. g3 g6 10. Qa4+ Nfd7 11. h4 Bg7 12. h5 Qb6 13. Kg2 Na6 14. a3 Nc7 15.
Bd2 Qa6 16. Qc2 Ne5 17. Nxe5 Bxe5 18. hxg6 hxg6 19. Rxh8+ Bxh8 20. Rh1 Bf6 21.
Nd1 Rb8 22. Bc3 Qc4 23. Ne3 Qb3 24. Bxf6 exf6 25. Qe2 Qxb2 26. Qg4 Ke7 27. Rh7
Rf8 28. Qxg6 Qe5 29. Qg4 Qg5 30. Nf5+ Kd7 31. Qd1 Qg8 32. Qa4+ Kd8 33. Rh1 Qg4
34. Rb1 Nxd5 35. Rb8+ Kc7 36. Qxa7+ 1-0

[Event "8. Copenhagen Open Politiken Cup"]
[Site "Copenhagen"]
[Date "1986.??.??"]
[Round "7"]
[White "Sinkovics, Peter"]
[Black "Varasdy, Imre"]
[Result "1/2-1/2"]
[WhiteElo "2415"]
[BlackElo "2350"]
[PlyCount "32"]
[EventDate "1986.??.??"]
[EventType "swiss"]
[EventRounds "10"]
[EventCountry "DEN"]
[SourceDate "2004.01.01"]

1. d4 Nf6 2. c4 e6 3. Nf3 b6 4. g3 Ba6 5. b3 Bb4+ 6. Bd2 Be7 7. Bg2 c6 8. Bc3
d5 9. Nbd2 Nbd7 10. O-O O-O 11. Re1 Bb7 12. e4 dxe4 13. Ng5 c5 14. Ndxe4 cxd4
15. Qxd4 h6 16. Qd2 Qc8 1/2-1/2

[Event "8. Copenhagen Open Politiken Cup"]
[Site "Copenhagen"]
[Date "1986.??.??"]
[Round "7"]
[White "Stein, Bernd"]
[Black "Stigar, Petter"]
[Result "1-0"]
[WhiteElo "2405"]
[BlackElo "2300"]
[PlyCount "47"]
[EventDate "1986.??.??"]
[EventType "swiss"]
[EventRounds "10"]
[EventCountry "DEN"]
[SourceDate "2004.01.01"]

1. e4 c5 2. c3 d5 3. exd5 Qxd5 4. d4 Nf6 5. Nf3 Bg4 6. Be2 e6 7. O-O Be7 8. h3
Bh5 9. Be3 cxd4 10. cxd4 O-O 11. Nc3 Qd8 12. Qb3 Nc6 13. Qxb7 Nb4 14. Bf4 Bd6
15. Bxd6 Qxd6 16. Ne4 Nxe4 17. Qxe4 Bg6 18. Qe5 Qxe5 19. Nxe5 Nc2 20. Rad1 Rad8
21. Nc6 Rd6 22. Bf3 f6 23. Rd2 e5 24. Ne7+ 1-0

[Event "8. Copenhagen Open Politiken Cup"]
[Site "Copenhagen"]
[Date "1986.??.??"]
[Round "7"]
[White "Sorensen, Bent"]
[Black "Rodgaard, John"]
[Result "1/2-1/2"]
[WhiteElo "2295"]
[BlackElo "2350"]
[PlyCount "84"]
[EventDate "1986.??.??"]
[EventType "swiss"]
[EventRounds "10"]
[EventCountry "DEN"]
[SourceDate "2004.01.01"]

1. g3 g6 2. Bg2 Bg7 3. c4 Nf6 4. Nc3 O-O 5. e3 c6 6. Nge2 d5 7. b3 e5 8. O-O
Re8 9. cxd5 Nxd5 10. Nxd5 cxd5 11. d4 Nc6 12. Bb2 e4 13. Nf4 h5 14. f3 Bf5 15.
g4 exf3 16. gxf5 fxg2 17. Nxg2 Bh6 18. Qf3 Qd7 19. Rae1 Re4 20. Ba3 Rae8 21.
Kh1 h4 22. h3 Bg5 23. Rg1 Kh7 24. Ref1 Kh6 25. Rf2 Ne7 26. Bxe7 Qxe7 27. fxg6
fxg6 28. Re1 Bxe3 29. Nxe3 Rxe3 30. Qf4+ g5 31. Rxe3 gxf4 32. Rxe7 Rxe7 33.
Rxf4 Re1+ 34. Kg2 Ra1 35. a4 Ra2+ 36. Kf3 Rb2 37. Rxh4+ Kg5 38. Rg4+ Kf5 39.
Rf4+ Ke6 40. Kg4 Rxb3 41. h4 b5 42. axb5 Rxb5 1/2-1/2

[Event "8. Copenhagen Open Politiken Cup"]
[Site "Copenhagen"]
[Date "1986.??.??"]
[Round "7"]
[White "Vadasz, Laszlo"]
[Black "Horvath, Sandor"]
[Result "1-0"]
[WhiteElo "2370"]
[BlackElo "2305"]
[PlyCount "59"]
[EventDate "1986.??.??"]
[EventType "swiss"]
[EventRounds "10"]
[EventCountry "DEN"]
[SourceDate "2004.01.01"]

1. d4 Nf6 2. Nf3 d5 3. c4 e6 4. g3 Bb4+ 5. Nbd2 Ne4 6. Bg2 O-O 7. O-O Nxd2 8.
Nxd2 c6 9. Qc2 Nd7 10. a3 Be7 11. b4 a5 12. b5 cxb5 13. cxd5 exd5 14. Qb3 Qb6
15. Qxd5 Nf6 16. Qe5 Re8 17. Qe3 Bg4 18. Qd3 Bxa3 19. Qxa3 Bxe2 20. Re1 Qxd4
21. Nb3 Qb6 22. Qc5 Qd8 23. Be3 Bc4 24. Red1 Nd7 25. Qf5 g6 26. Qb1 Qc7 27.
Nxa5 Rxa5 28. Rxa5 Qxa5 29. Rxd7 Qc3 30. Rd1 1-0

[Event "8. Copenhagen Open Politiken Cup"]
[Site "Copenhagen"]
[Date "1986.??.??"]
[Round "8"]
[White "Brinck Claussen, Bjorn"]
[Black "De Boer, Gert Jan"]
[Result "1/2-1/2"]
[WhiteElo "2375"]
[BlackElo "2430"]
[PlyCount "97"]
[EventDate "1986.??.??"]
[EventType "swiss"]
[EventRounds "10"]
[EventCountry "DEN"]
[SourceDate "2004.01.01"]

1. d4 Nf6 2. c4 e6 3. Nf3 d5 4. Bg5 Be7 5. Nc3 O-O 6. e3 h6 7. Bxf6 Bxf6 8.
cxd5 exd5 9. Bd3 c6 10. h3 Nd7 11. Qc2 Re8 12. O-O-O Nf8 13. g4 g6 14. Rdg1 Bg7
15. g5 h5 16. Ne2 a5 17. Nf4 a4 18. Kb1 a3 19. b3 Qd6 20. Rc1 Bd7 21. Qc5 Qb8
22. Qb6 Ne6 23. Nxe6 Rxe6 24. Qb4 Re8 25. Qd2 Qc8 26. h4 Bf5 27. Ne1 b6 28. Qc2
Bxd3 29. Nxd3 c5 30. Nf4 cxd4 31. Qxc8 Raxc8 32. Rxc8 Rxc8 33. Nxd5 Re8 34.
Nxb6 dxe3 35. fxe3 Rxe3 36. Nc4 Re2 37. Nxa3 Rb2+ 38. Kc1 Rxa2 39. Nc2 Ra5 40.
Rh3 Rf5 41. Kd2 f6 42. Ne3 Rb5 43. gxf6 Bxf6 44. Ng2 Rb4 45. Ke2 Rg4 46. Kf1
Kg7 47. Kf2 Rb4 48. Kf1 Be5 49. Rf3 1/2-1/2

[Event "8. Copenhagen Open Politiken Cup"]
[Site "Copenhagen"]
[Date "1986.??.??"]
[Round "8"]
[White "Clausen, Steen"]
[Black "Bjerring, Kai"]
[Result "0-1"]
[WhiteElo "2295"]
[BlackElo "2315"]
[PlyCount "89"]
[EventDate "1986.??.??"]
[EventType "swiss"]
[EventRounds "10"]
[EventCountry "DEN"]
[SourceDate "2004.01.01"]

1. d4 Nf6 2. c4 c5 3. d5 b5 4. cxb5 a6 5. e3 d6 6. Nc3 g6 7. Nf3 Bg7 8. Qb3 O-O
9. b6 Bb7 10. Bc4 Nbd7 11. Na4 Ng4 12. Bd2 Nge5 13. Nxe5 Nxe5 14. Bc3 Nxc4 15.
Qxc4 Qd7 16. Bxg7 Kxg7 17. Nc3 a5 18. a4 Ra6 19. Nb5 Kg8 20. O-O Rxb6 21. Ra3
Ba6 22. Qh4 Bxb5 23. axb5 Rxb5 24. e4 e5 25. dxe6 fxe6 26. Rfa1 Rxb2 27. Rxa5
Qd8 28. Qxd8 Rxd8 29. Ra7 Rdb8 30. Kf1 R8b7 31. R7a6 Rd2 32. Ra8+ Kf7 33. R1a7
Rdb2 34. Rxb7+ Rxb7 35. Ke2 d5 36. Rc8 Rb2+ 37. Ke3 d4+ 38. Kf4 Rxf2+ 39. Ke5
Kg7 40. Rc7+ Kh6 41. Rxc5 d3 42. Rc3 d2 43. Rd3 Rxg2 44. h3 Re2 45. Rd7 0-1

[Event "8. Copenhagen Open Politiken Cup"]
[Site "Copenhagen"]
[Date "1986.??.??"]
[Round "8"]
[White "Heyken, Enno"]
[Black "Rewitz, Poul"]
[Result "0-1"]
[WhiteElo "2350"]
[BlackElo "2295"]
[PlyCount "64"]
[EventDate "1986.??.??"]
[EventType "swiss"]
[EventRounds "10"]
[EventCountry "DEN"]
[SourceDate "2004.01.01"]

1. d4 g6 2. e4 Bg7 3. c4 d6 4. Nf3 Bg4 5. Be2 Nc6 6. Be3 e5 7. d5 Bxf3 8. Bxf3
Nd4 9. Nd2 Ne7 10. g3 O-O 11. h4 f5 12. h5 fxe4 13. Bxe4 Nef5 14. Qg4 Qc8 15.
Bxd4 Nxd4 16. Qg5 Bf6 17. Qe3 Qg4 18. Qd3 Bg5 19. f4 Bxf4 20. gxf4 Rxf4 21.
hxg6 h5 22. g7 Kxg7 23. Qe3 Kh8 24. Bd3 Rg8 25. Qh3 Qxh3 26. Rxh3 Rg1+ 27. Nf1
Nc2+ 28. Kd2 Nxa1 29. Rxh5+ Kg8 30. Ne3 Rf2+ 31. Kc3 Rg3 32. Nf5 Rc2+ 0-1

[Event "8. Copenhagen Open Politiken Cup"]
[Site "Copenhagen"]
[Date "1986.??.??"]
[Round "8"]
[White "Horvath, Tamas"]
[Black "Sinkovics, Peter"]
[Result "1-0"]
[WhiteElo "2395"]
[BlackElo "2415"]
[PlyCount "57"]
[EventDate "1986.??.??"]
[EventType "swiss"]
[EventRounds "10"]
[EventCountry "DEN"]
[SourceDate "2004.01.01"]

1. e4 e6 2. d4 d5 3. Nd2 c5 4. exd5 Qxd5 5. Ngf3 cxd4 6. Bc4 Qd6 7. O-O Nf6 8.
Nb3 Nc6 9. Nbxd4 Nxd4 10. Nxd4 Bd7 11. b3 a6 12. Bb2 Qc7 13. Re1 O-O-O 14. Qe2
h5 15. Nf3 Bc5 16. Be5 Qb6 17. b4 Bxb4 18. Rab1 Qa5 19. c3 Bc5 20. Bxa6 Bc6 21.
Bb5 Ng4 22. Bxc6 Bxf2+ 23. Qxf2 Nxf2 24. Rxb7 Nh3+ 25. Kh1 Nf2+ 26. Kg1 Nh3+
27. gxh3 Qc5+ 28. Nd4 Rd6 29. Reb1 1-0

[Event "8. Copenhagen Open Politiken Cup"]
[Site "Copenhagen"]
[Date "1986.??.??"]
[Round "8"]
[White "Jakobsen, Ole"]
[Black "Cserna, Laszlo"]
[Result "0-1"]
[WhiteElo "2385"]
[BlackElo "2390"]
[PlyCount "128"]
[EventDate "1986.??.??"]
[EventType "swiss"]
[EventRounds "10"]
[EventCountry "DEN"]
[SourceDate "2004.01.01"]

1. Nf3 Nf6 2. g3 c5 3. Bg2 d5 4. O-O Nc6 5. d4 e6 6. b3 cxd4 7. Nxd4 Be7 8. Bb2
Qb6 9. e3 O-O 10. Nd2 Rd8 11. c4 Bd7 12. cxd5 Nxd5 13. Nc4 Qa6 14. Qb1 b5 15.
Nd2 Nxd4 16. Bxd4 Rac8 17. Be4 Nf6 18. Bd3 Qb7 19. Ne4 Nd5 20. a4 Nb4 21. Bxb5
Nc2 22. Bd3 Nxa1 23. Bxa1 Bc6 24. Nd2 f5 25. Nc4 Bh1 26. f3 Bxf3 27. Na5 Qa8
28. Bc4 Bd5 29. Bxd5 Qxd5 30. Nc4 Bc5 31. Qb2 Rd7 32. Qc3 Qd3 33. Qe5 Qd5 34.
Qf4 Qe4 35. Qxe4 fxe4 36. Be5 Rcd8 37. Rf4 Rd1+ 38. Kg2 Rb1 39. Rxe4 Rxb3 40.
Rg4 g6 41. h4 Bxe3 42. h5 Kf7 43. hxg6+ hxg6 44. Rh4 g5 45. Rh6 Bc5 46. Bf6 Rg8
47. Ne5+ Ke8 48. Rh7 Bd6 49. Rxa7 Bxe5 50. Bxe5 g4 51. Bg7 Rd3 52. Kf2 Rd7 53.
Ra8+ Kf7 54. Rxg8 Kxg8 55. Bc3 Rd3 56. Be1 Ra3 57. a5 Kf7 58. Ke2 e5 59. Kd1
Ra1+ 60. Ke2 Ke6 61. Bc3 Ra2+ 62. Kd3 Kd5 63. Ke3 Ra3 64. Kd3 e4+ 0-1

[Event "8. Copenhagen Open Politiken Cup"]
[Site "Copenhagen"]
[Date "1986.??.??"]
[Round "8"]
[White "Knudsen, Jes West"]
[Black "Ochsner, Thomas"]
[Result "1/2-1/2"]
[WhiteElo "2240"]
[BlackElo "2275"]
[PlyCount "27"]
[EventDate "1986.??.??"]
[EventType "swiss"]
[EventRounds "10"]
[EventCountry "DEN"]
[SourceDate "2004.01.01"]

1. Nf3 Nf6 2. g3 b6 3. Bg2 Bb7 4. d3 d5 5. O-O g6 6. Nbd2 Bg7 7. e4 e6 8. e5
Nfd7 9. Re1 c5 10. Nf1 Nc6 11. Bf4 b5 12. h4 h6 13. c3 Qb6 14. d4 1/2-1/2

[Event "8. Copenhagen Open Politiken Cup"]
[Site "Copenhagen"]
[Date "1986.??.??"]
[Round "8"]
[White "Kojder, Konrad"]
[Black "Hoi, Carsten"]
[Result "1-0"]
[WhiteElo "2340"]
[BlackElo "2405"]
[PlyCount "55"]
[EventDate "1986.??.??"]
[EventType "swiss"]
[EventRounds "10"]
[EventCountry "DEN"]
[SourceDate "2004.01.01"]

1. d4 g6 2. c4 Bg7 3. Nc3 d6 4. e4 Nc6 5. Be3 e5 6. Nge2 exd4 7. Nxd4 Nge7 8.
h4 h5 9. Qd2 a6 10. O-O-O Bd7 11. f3 Ne5 12. Be2 N7c6 13. Kb1 Rb8 14. Nd5 Nxd4
15. Bxd4 c5 16. Bc3 b5 17. Ba5 Qc8 18. Nc7+ Kf8 19. Qxd6+ Kg8 20. Bc3 Nxc4 21.
Bxc4 bxc4 22. Bxg7 Kxg7 23. Qxd7 Qg8 24. Qe7 Kh6 25. Qg5+ Kg7 26. Rd7 Rc8 27.
Qe5+ Kh7 28. Nd5 1-0

[Event "8. Copenhagen Open Politiken Cup"]
[Site "Copenhagen"]
[Date "1986.??.??"]
[Round "8"]
[White "Kruszynski, Wlodzimierz"]
[Black "Wiedenkeller, Michael"]
[Result "1-0"]
[WhiteElo "2360"]
[BlackElo "2455"]
[PlyCount "81"]
[EventDate "1986.??.??"]
[EventType "swiss"]
[EventRounds "10"]
[EventCountry "DEN"]
[SourceDate "2004.01.01"]

1. e4 e5 2. Nf3 Nc6 3. Bb5 a6 4. Ba4 Nf6 5. O-O Nxe4 6. d4 b5 7. Bb3 d5 8. dxe5
Be6 9. Be3 Be7 10. c3 Qd7 11. Nbd2 Nxd2 12. Qxd2 Na5 13. Bg5 c5 14. Bxe7 Qxe7
15. Qf4 Nxb3 16. axb3 O-O 17. b4 d4 18. cxd4 cxb4 19. Rfc1 Bd5 20. Nh4 Rfc8 21.
h3 Qb7 22. Rxc8+ Rxc8 23. Nf5 Rc6 24. Qg5 f6 25. exf6 Rxf6 26. Re1 Be6 27. Ne3
Qf7 28. d5 Bd7 29. Qg3 h6 30. Rd1 a5 31. d6 Rg6 32. Qe5 Bc6 33. f4 Re6 34. Qd4
Re4 35. Qxe4 Bxe4 36. d7 Qxd7 37. Rxd7 b3 38. Rd4 Bc6 39. Rd3 a4 40. Nd5 a3 41.
Ne7+ 1-0